Dictionary of shooting sports / (Record no. 59489)
[ view plain ]
| 000 -LEADER | |
|---|---|
| fixed length control field | 00736nam a22002177a 4500 |
| 005 - DATE AND TIME OF LATEST TRANSACTION | |
| control field | 20130612151040.0 |
| 010 ## - LCCN (DPL NO) | |
| LC control number | ENG-104353 |
| 020 ## - INTERNATIONAL STANDARD BOOK NUMBER | |
| International Standard Book Number | 9788178796697 |
| Terms of availability | 595.00 |
| 035 ## - SYSTEM CONTROL NUMBER | |
| System control number | EN -87886 |
| 035 ## - SYSTEM CONTROL NUMBER | |
| System control number | B-519582 |
| 037 ## - SOURCE OF ACQUISITION | |
| Source of stock number/acquisition | DBAD/PUB |
| 037 ## - SOURCE OF ACQUISITION | |
| Source of stock number/acquisition | Mallika Books/Ven |
| 082 ## - DEWEY DECIMAL CLASSIFICATION NUMBER | |
| Classification number | 799.21303 |
| 100 ## - MAIN ENTRY--PERSONAL NAME | |
| Personal name | Sekhon, Baljit Singh |
| 245 ## - TITLE STATEMENT | |
| Title | Dictionary of shooting sports / |
| Statement of responsibility, etc | by Baljit Singh Sekhon |
| 260 ## - PUBLICATION, DISTRIBUTION, ETC. (IMPRINT) | |
| Place of publication, distribution, etc | New Delhi |
| Name of publisher, distributor, etc | Sports Publication |
| Date of publication, distribution, etc | 2011 |
| 270 ## - ADDRESS | |
| Address | 7/26, Ground Floor, Ansari Road,Darya Ganj, |
| City | New Delhi |
| Postal code | 110002 |
| 300 ## - PHYSICAL DESCRIPTION | |
| Extent | 214p. |
| Dimensions | 23cm(Hb) |
| 942 ## - ADDED ENTRY ELEMENTS (KOHA) | |
| Source of classification or shelving scheme | Dewey Decimal Classification |
| Item type | English Books |
| Call number suffix | SEK |
| Classification part | 799.21303 |
| Withdrawn status | Lost status | Not for loan | Collection code | Home library | Current library | Date acquired | Source of acquisition | Cost, normal purchase price | Full call number | Barcode | Copy number | Cost, replacement price | Koha item type |
|---|---|---|---|---|---|---|---|---|---|---|---|---|---|
| Non-fiction | Central Library | Central Library | 12/06/2013 | Mallika Books/109/28.03.2013/205/22.03.2013/28.03.2013 | 595.00 | 799.21303 SEK | B-519582 | 1 | 595.00 | English Books | |||
| Not For Loan | Non-fiction | D.B.Act.Division | D.B.Act.Division | 15/12/2011 | DBAD / PUB | 595.00 | 799.21303 SEK | EN -87886 | 1 | 595.00 | English Books |
